|
|
|
|
| LEADER |
01331nam a22003617a 4500 |
| 001 |
39189 |
| 003 |
BD-DhAAL |
| 008 |
220721t2007 enk b 001 0 eng d |
| 999 |
|
|
|c 43959
|d 43959
|
| 010 |
|
|
|a 2006926736
|
| 020 |
|
|
|a 1412934206 (pbk.)
|
| 020 |
|
|
|a 9781412934206 (pbk.)
|
| 020 |
|
|
|a 9781761947769 (hbk)
|
| 035 |
|
|
|a (CStRLIN)MNUGA004967466-B
|
| 040 |
|
|
|a MnU
|c MnU
|d DLC
|d BD-DhAAL
|
| 042 |
|
|
|a lccopycat
|
| 050 |
0 |
0 |
|a H62
|b .Q35457 2007
|
| 082 |
|
|
|a 300.72
|2 23
|
| 245 |
0 |
0 |
|a Qualitative research practice /
|c edited by Clive Seale ... [et al.].
|
| 250 |
|
|
|a Concise pbk. edition
|
| 260 |
|
|
|a London ;
|a Thousand Oaks, CA :
|b SAGE,
|c 2007.
|
| 300 |
|
|
|a xvii, 534 pages ;
|c 25 cm.
|
| 500 |
|
|
|a Originally published: 2004.
|
| 504 |
|
|
|a Includes bibliographical references and index.
|
| 526 |
|
|
|a PPDM, ARC
|
| 541 |
|
|
|a Book Finder International
|e 39189
|
| 650 |
|
0 |
|a Qualitative research.
|9 50093
|
| 650 |
|
0 |
|a Social sciences
|x Research.
|9 50094
|
| 650 |
|
0 |
|a Social sciences
|x Methodology.
|9 50095
|
| 700 |
1 |
|
|a Seale, Clive.
|9 50096
|
| 852 |
|
|
|a Ayesha Abed Library
|c General Stacks
|
| 942 |
|
|
|2 ddc
|c BK
|
| 952 |
|
|
|0 0
|1 0
|2 ddc
|4 0
|6 300_720000000000000_QUA
|7 0
|9 71205
|a BRACUL
|b BRACUL
|c GEN
|d 2022-07-07
|e Book Finder International
|g 4730.89
|l 2
|o 300.72 QUA
|p 3010039189
|r 2024-05-21
|s 2024-03-18
|t 1
|v 4730.89
|w 2022-07-07
|y BK
|